000 01030cam a2200325 a 4500
001 14612945
003 OSt
005 20161108193813.0
008 061027s2006 enkab b 000 0 eng d
010 _a 2006298790
015 _aGBA616540
_2bnb
016 7 _a013386083
_2Uk
020 _a0340900288
020 _a9780340900284
035 _a(OCoLC)ocm63185997
040 _aUKM
_cUKM
_dBAKER
_dC#P
_dYDXCP
_dOCLCQ
_dIXA
_dDLC
042 _alccopycat
050 0 0 _aBJ1012
_b.C584 2006
082 0 0 _a100
_222
_bCOH 2006
100 1 _aCohen, Martin,
_97937
245 1 4 _aThe Essentials of Philosophy & Ethics
260 _aLondon :
_bOxford University Press,
_c2006.
300 _axv, 310 p. :
_bill., maps ;
_c24 cm.
504 _aIncludes bibliographical references.
650 0 _aEthics.
_91778
650 0 _aPhilosophy.
_96457
856 4 2 _3Contributor biographical information
_uhttp://www.loc.gov/catdir/enhancements/fy0724/2006298790-b.html
906 _a7
_bcbc
_ccopycat
_d2
_encip
_f20
_gy-gencatlg
942 _2ddc
_cSLOAN
999 _c3553
_d3553